000 007010000a22001810004500
005 20081031142022.0
010 _aENG-84702
020 _a0195679644
_c295.00 (hb)
035 _aEN-68235
082 _a370.954
100 _aThapan, Minakshi
_928722
245 _aLife at school:
_ban ethnographic study /
_cby Meenakshi Thapan
260 _aNew Delhi
_bOxford University Press
_c2006
300 _axxxi,271p
_c22cm
500 _aIncludes bibliographical references and index
942 _2ddc
_cEN
_h370.954
_m370.954
999 _c18005
_d18005